| 000 | 00470nam a2200157 i 4500 | ||
|---|---|---|---|
| 001 | 67935 | ||
| 003 | ES-MaACL | ||
| 005 | 20230906170156.0 | ||
| 007 | t| | ||
| 008 | 040216s1908 fr ||||1| fre d | ||
| 100 | 1 |
_aGallois, Leonard. _953642 |
|
| 245 | 1 | 0 |
_aRegions naturelles et noms de pays _b: etude sur la region parisienne / _cLeonard Gallois. |
| 260 |
_a[S.l. : _bs.n., _c1908] ( _eChartres : _fDurand) |
||
| 300 |
_a356 p. ; _c23 cm. |
||
| 852 |
_aES-MaACL _jF-1988 |
||
| 999 |
_c67935 _d67935 |
||